The Life of an Architect... and What He Leaves Behind /

Salvato in:
Dettagli Bibliografici
Autore principale: Hermans, Mike (Autore, Illustratore)
Natura: Libro
Lingua:inglese
Pubblicazione: Berlin : DOM publishers, 2015
Edizione:1. vydanie
Soggetti:
Tags: Aggiungi Tag
Nessun Tag, puoi essere il primo ad aggiungerne!!

MARC

LEADER 00000nam a22000003a 4500
001 0068545
003 SK-STU
005 20190402135406.4
007 ta
008 181113s ----xo-----e------000-0-----d
020 |a 978-3-86922-440-4 
040 |a STU  |b slo 
041 0 |a eng 
044 |a gw 
100 1 |a Hermans, Mike  |4 aut  |4 ill 
245 1 0 |a The Life of an Architect... and What He Leaves Behind /  |c aut. Mike Hermans 
250 |a 1. vydanie 
260 |a Berlin :  |b DOM publishers,  |c 2015 
300 |a 126 s. 
650 0 7 |a architekt 
650 0 7 |a život 
650 0 7 |a ilustrácie 
996 |b 284AU07768  |c A* 11022/U  |l AAKNAR  |s A  |a 24  |w 0068545_0001